[Event "TUR-chT 1st League"]
[Site "Ankara"]
[Date "2025.07.18"]
[Round "6.16"]
[White "Daghan, Devran"]
[Black "Seyhanoglu, Deniz"]
[Result "0-1"]
[WhiteElo "2201"]
[BlackElo "2157"]
[PlyCount "54"]
[EventDate "2025.07.14"]
[EventType "team-swiss"]
[EventRounds "9"]
[EventCountry "TUR"]
[SourceTitle "CB30_2025"]
[SourceDate "2025.07.23"]
[SourceVersion "1"]
[SourceVersionDate "2025.07.23"]
[SourceQuality "1"]
[WhiteTeam "Besiktas Jimnastik"]
[BlackTeam "Guzelbahce Satranc"]
[WhiteTeamCountry "TUR"]
[BlackTeamCountry "TUR"]

1. d4 Nf6 2. c4 e6 3. Nc3 Bb4 4. Qc2 c5 5. e3 0-0 6. Bd3 d5 7. cxd5 exd5 8. Nge2 c4 9. Bf5 Nc6 10. 0-0 Re8 11. Bd2 a6 12. a3 Bd6 13. Rad1 b5 14. Bxc8 Rxc8 15. f3 Bb8 16. g3 Qd7 17. b4 cxb3 18. Qxb3 Na5 19. Qa2 Nc4 20. Nf4 Nxe3 21. Bxe3 Rxc3 22. Bd2 Rc4 23. Nd3 Ba7 24. Nc5 Rxd4 25. Be3 Rxd1 26. Nxd7 Bxe3+ 27. Kg2 Rd2+ 0-1

[Event "Titled Tuesday intern op 11th Feb Early"]
[Site "Chess.com INT"]
[Date "2025.02.11"]
[Round "5"]
[White "Seyhanoglu, Deniz"]
[Black "Duarte Cramer, Lily Jeanette"]
[Result "1-0"]
[WhiteElo "2219"]
[BlackElo "1836"]
[PlyCount "59"]
[EventDate "2025.02.11"]
[EventType "swiss (blitz)"]
[EventRounds "11"]
[EventCountry "USA"]
[SourceTitle "CB08_2025"]
[SourceDate "2025.02.19"]
[SourceVersion "1"]
[SourceVersionDate "2025.02.19"]
[SourceQuality "1"]

1. Nf3 d5 2. g3 c5 3. Bg2 Nc6 4. d4 cxd4 5. Nxd4 Nf6 6. 0-0 e5 7. Nxc6 bxc6 8. c4 Be6 9. Nc3 Bb4 10. Bg5 Bxc3 11. bxc3 h6 12. Bxf6 gxf6 13. cxd5 Bxd5 14. Qa4 Bxg2 15. Kxg2 Qd5+ 16. e4 Qb5 17. Qc2 0-0 18. Rab1 Qc4 19. Rb4 Qe6 20. Rfb1 Kh7 21. Rb7 Rfe8 22. Qb3 Kg6 23. Qxe6 fxe6 24. Rc7 Rec8 25. Rbb7 a5 26. Rg7+ Kh5 27. Kh3 f5 28. f3 Rg8 29. g4+ fxg4+ 30. fxg4# 1-0

[Event "Titled Tuesday intern op 11th Feb Early"]
[Site "Chess.com INT"]
[Date "2025.02.11"]
[Round "3"]
[White "Tomb, Maroun"]
[Black "Seyhanoglu, Deniz"]
[Result "1-0"]
[WhiteElo "2090"]
[BlackElo "2219"]
[PlyCount "47"]
[EventDate "2025.02.11"]
[EventType "swiss (blitz)"]
[EventRounds "11"]
[EventCountry "USA"]
[SourceTitle "CB09_2025"]
[SourceDate "2025.02.27"]
[SourceVersion "1"]
[SourceVersionDate "2025.02.27"]
[SourceQuality "1"]

1. e4 e6 2. d4 d5 3. Nd2 Nf6 4. e5 Nfd7 5. f4 c5 6. c3 Nc6 7. Ndf3 Qb6 8. a3 cxd4 9. cxd4 f6 10. Bd3 Nxd4 11. Nxd4 Qxd4 12. Bg6+ hxg6 13. Qxd4 fxe5 14. fxe5 Bc5 15. Qc3 Rh5 16. Nf3 d4 17. Qc4 Nxe5 18. Nxe5 Rxe5+ 19. Kd2 b6 20. b4 Bd7 21. bxc5 Rxc5 22. Qd3 Rf5 23. g4 Rf6 24. Rf1 1-0

[Event "Titled Tuesday intern op 21st Jan Late"]
[Site "Chess.com INT"]
[Date "2025.01.21"]
[Round "4"]
[White "Aberbach Peltzman, Angel Sergio"]
[Black "Seyhanoglu, Deniz"]
[Result "1-0"]
[WhiteElo "1877"]
[BlackElo "2202"]
[PlyCount "61"]
[EventDate "2025.01.21"]
[EventType "swiss (blitz)"]
[EventRounds "11"]
[EventCountry "USA"]
[SourceTitle "CB05_2025"]
[SourceDate "2025.01.29"]
[SourceVersion "1"]
[SourceVersionDate "2025.01.29"]
[SourceQuality "1"]

1. d4 Nf6 2. c4 e6 3. Nc3 d5 4. Nf3 Be7 5. g3 0-0 6. Bg2 c5 7. cxd5 Nxd5 8. e4 Nxc3 9. bxc3 Nc6 10. 0-0 cxd4 11. cxd4 Qb6 12. d5 exd5 13. exd5 Nb4 14. a3 Na6 15. Be3 Qa5 16. Ne5 Bf6 17. Nc4 Qc7 18. Rc1 Qd8 19. d6 Be6 20. Bxb7 Bh3 21. Bxa6 Rb8 22. Re1 Re8 23. Qh5 Qd7 24. Rb1 Rxb1 25. Rxb1 g6 26. Qh6 Qc6 27. Qxh3 Qxa6 28. Qd7 Rxe3 29. Nxe3 Qe2 30. Rb8+ Kg7 31. Qe8 1-0

[Event "Titled Tuesday intern op 21st Jan Late"]
[Site "Chess.com INT"]
[Date "2025.01.21"]
[Round "11"]
[White "Garcia, Angie"]
[Black "Seyhanoglu, Deniz"]
[Result "0-1"]
[WhiteElo "1951"]
[BlackElo "2202"]
[PlyCount "78"]
[EventDate "2025.01.21"]
[EventType "swiss (blitz)"]
[EventRounds "11"]
[EventCountry "USA"]
[SourceTitle "CB05_2025"]
[SourceDate "2025.01.29"]
[SourceVersion "1"]
[SourceVersionDate "2025.01.29"]
[SourceQuality "1"]

1. e4 Nf6 2. e5 Nd5 3. d4 d6 4. c4 Nb6 5. exd6 cxd6 6. Nc3 g6 7. Be3 Bg7 8. Rc1 0-0 9. Be2 Nc6 10. Nf3 Bf5 11. b3 Rc8 12. 0-0 Nb4 13. Nh4 Bd7 14. Qd2 e5 15. Nf3 f5 16. dxe5 dxe5 17. Rfd1 Be6 18. Qb2 Qe7 19. Bg5 Qc5 20. Be3 Qe7 21. Nb5 e4 22. Bd4 exf3 23. Bxf3 Rfd8 24. Nxa7 Ra8 25. Bxg7 Rxd1+ 26. Rxd1 Qxg7 27. Qe2 Bf7 28. a3 Na6 29. Nb5 Re8 30. Qc2 Nc5 31. Nd6 Rd8 32. a4 Ne4 33. Nxe4 Rxd1+ 34. Qxd1 fxe4 35. Bxe4 Qc3 36. g3 Kg7 37. Qd6 Qe1+ 38. Kg2 Qxe4+ 39. Kh3 Qe6+ 0-1

[Event "Titled Tuesday intern op 21st Jan Late"]
[Site "Chess.com INT"]
[Date "2025.01.21"]
[Round "3"]
[White "Seyhanoglu, Deniz"]
[Black "Botez, Alexandra"]
[Result "1-0"]
[WhiteElo "2202"]
[BlackElo "2044"]
[PlyCount "53"]
[EventDate "2025.01.21"]
[EventType "swiss (blitz)"]
[EventRounds "11"]
[EventCountry "USA"]
[SourceTitle "CB05_2025"]
[SourceDate "2025.01.29"]
[SourceVersion "1"]
[SourceVersionDate "2025.01.29"]
[SourceQuality "1"]

1. d4 Nf6 2. Nf3 g6 3. c4 Bg7 4. Nc3 d6 5. e4 0-0 6. h3 Nc6 7. Be3 e5 8. d5 Ne7 9. Bd3 a5 10. Qd2 Nd7 11. g4 Nc5 12. Bc2 Kh8 13. a3 f5 14. gxf5 gxf5 15. Bxc5 dxc5 16. 0-0-0 f4 17. Rdg1 Bd7 18. Rg5 Ng6 19. h4 Re8 20. h5 Nf8 21. Rhg1 Re7 22. h6 Ng6 23. hxg7+ Kxg7 24. Nxe5 Be8 25. Nxg6 Bxg6 26. e5 Ra6 27. e6 1-0

[Event "Titled Tuesday intern op 21st Jan Late"]
[Site "Chess.com INT"]
[Date "2025.01.21"]
[Round "6"]
[White "Sobek, Jaroslav"]
[Black "Seyhanoglu, Deniz"]
[Result "0-1"]
[WhiteElo "2197"]
[BlackElo "2202"]
[PlyCount "44"]
[EventDate "2025.01.21"]
[EventType "swiss (blitz)"]
[EventRounds "11"]
[EventCountry "USA"]
[SourceTitle "CB05_2025"]
[SourceDate "2025.01.29"]
[SourceVersion "1"]
[SourceVersionDate "2025.01.29"]
[SourceQuality "1"]

1. d4 Nf6 2. c4 e6 3. Bf4 d5 4. e3 c5 5. dxc5 Bxc5 6. Nf3 Nc6 7. Nbd2 0-0 8. Be2 Re8 9. cxd5 Nxd5 10. Bg3 e5 11. Nc4 Bb4+ 12. Nfd2 b5 13. a3 Bf8 14. Nxe5 Nxe5 15. 0-0 a6 16. Rc1 Bb7 17. Qb3 Nf6 18. Rfd1 Qb6 19. Qa2 Bc5 20. Kh1 Neg4 21. b4 Bd6 22. h3 Bxg3 0-1

[Event "St Veit op 43rd"]
[Site "St Veit"]
[Date "2024.07.10"]
[Round "6"]
[White "Nitsche, Nikolai"]
[Black "Seyhanoglu, Deniz"]
[Result "0-1"]
[WhiteElo "2023"]
[BlackElo "2167"]
[PlyCount "47"]
[EventDate "2024.07.06"]
[EventType "swiss"]
[EventRounds "9"]
[EventCountry "AUT"]
[SourceTitle "CBM 221 Extra"]
[Source "ChessBase"]
[SourceDate "2024.09.30"]
[SourceVersion "1"]
[SourceVersionDate "2024.09.30"]
[SourceQuality "1"]

1. d4 d5 2. Bf4 c5 3. Nc3 Nc6 4. e3 a6 5. Nf3 Bg4 6. Be2 e6 7. h3 Bh5 8. 0-0 Nf6 9. Ne5 Bxe2 10. Qxe2 Nxe5 11. Bxe5 cxd4 12. exd4 Be7 13. f4 0-0 14. Rad1 Qb6 15. f5 Rae8 16. fxe6 fxe6 17. Rd3 Nd7 18. Rxf8+ Rxf8 19. Bxg7 Kxg7 20. Nxd5 Qd6 21. Qg4+ Kh6 22. Rg3 Rf7 23. Ne3 Nf8 24. Qe4 0-1

[Event "AUT-chT2O 2324"]
[Site "Austria"]
[Date "2024.01.28"]
[Round "7.6"]
[White "Seyhanoglu, Deniz"]
[Black "Devine, Christopher"]
[Result "1-0"]
[WhiteElo "2118"]
[BlackElo "2034"]
[PlyCount "91"]
[EventDate "2023.10.13"]
[EventType "team-tourn"]
[EventRounds "11"]
[EventCountry "AUT"]
[SourceTitle "EXT 2025"]
[Source "ChessBase"]
[SourceDate "2024.10.14"]
[SourceVersion "1"]
[SourceVersionDate "2024.10.14"]
[SourceQuality "1"]
[WhiteTeam "Donaustadt"]
[BlackTeam "Tschaturanga"]
[WhiteTeamCountry "AUT"]
[BlackTeamCountry "AUT"]

1. c4 Nf6 2. g3 e5 3. Bg2 d5 4. cxd5 Nxd5 5. Nf3 Nc6 6. 0-0 Be7 7. d4 e4 8. Ne5 Nxe5 9. dxe5 f5 10. exf6 Nxf6 11. Qb3 Bd6 12. Nc3 Qe7 13. Bg5 Be6 14. Qxb7 0-0 15. Nxe4 Rab8 16. Qxa7 Rxb2 17. Bxf6 gxf6 18. Nxd6 Qxd6 19. e3 c5 20. Rfd1 Qe5 21. Qe7 Rf7 22. Qd6 Bxa2 23. Rxa2 Rxa2 24. Bd5 Ra1 25. Bxf7+ Kxf7 26. Qd7+ Kg6 27. Qg4+ Kf7 28. Qd7+ Kg6 29. Qg4+ Kf7 30. Rxa1 Qxa1+ 31. Kg2 Qc1 32. Qd7+ Kg6 33. Qe8+ Kg7 34. Qe7+ Kg6 35. h4 h5 36. Qe8+ Kh6 37. Qh8+ Kg6 38. Qg8+ Kh6 39. Qh8+ Kg6 40. Qg8+ Kh6 41. Qf7 Qc3 42. g4 hxg4 43. Qf8+ Kg6 44. Qg8+ Kf5 45. h5 Qb4 46. Qd5# 1-0